| 000 | 00834cam a2200265 i 4500 | ||
|---|---|---|---|
| 001 | 17482196 | ||
| 005 | 20241101115300.0 | ||
| 008 | 121002s2013 enka b 001 0 eng | ||
| 020 | _a9780521513531 (hbk.) | ||
| 020 | _a0521513537 (hbk.) | ||
| 020 | _a9780521735056 (pbk.) | ||
| 020 | _a052173505X (pbk.) | ||
| 050 | 0 | 0 |
_aKD680 _b.C65 2013 |
| 082 | 0 | 0 |
_a340.90942 _223 |
| 100 | 1 |
_aRogerson, Pippa, _eauthor. |
|
| 245 | 1 | 0 |
_aCollier's conflict of laws / _cPippa Rogerson. |
| 250 | _aFourth edition. | ||
| 260 |
_aNew York, USA _bCambridge University Press _c2013 |
||
| 300 |
_alix, 454 pages : _billustrations ; _c26 cm |
||
| 500 | _aIncludes index | ||
| 650 | 0 |
_aConflict of laws _zEngland. |
|
| 650 | 7 |
_aLAW / International. _2bisacsh |
|
| 700 | 1 |
_aCollier, John G. _q(John Greenwood). _tConflict of laws. |
|
| 942 |
_2lcc _cBK _n0 |
||
| 999 |
_c509 _d509 |
||